Tìm hiểu về chứng khoán và thị trường chứng khoán

Nội dung sách trình bày những kiến thức cơ bản về chứng khoán và thị trường chứng khoán. Sách còn trình bày luật chứng khoán, những văn bản pháp luật của nhà nước liên quan đến việc điều hành quản lý thị trường chứng khoán....

Deskribapen osoa

Gorde:
Xehetasun bibliografikoak
Formatua: Liburua
Hizkuntza:Undetermined
Argitaratua: Hà Nội Lao động - Xã hội 2007
Gaiak:
Etiketak: Etiketa erantsi
Etiketarik gabe, Izan zaitez lehena erregistro honi etiketa jartzen!
Thư viện lưu trữ: Trung tâm Học liệu Trường Đại học Cần Thơ
LEADER 00930nam a2200193Ia 4500
001 CTU_121428
008 210402s9999 xx 000 0 und d
020 |c 29000 
082 |a 332.642 
082 |b T310 
245 0 |a Tìm hiểu về chứng khoán và thị trường chứng khoán 
245 0 |c Nguyễn Minh biên soạn 
260 |a Hà Nội 
260 |b Lao động - Xã hội 
260 |c 2007 
520 |a Nội dung sách trình bày những kiến thức cơ bản về chứng khoán và thị trường chứng khoán. Sách còn trình bày luật chứng khoán, những văn bản pháp luật của nhà nước liên quan đến việc điều hành quản lý thị trường chứng khoán. 
650 |a Stock markets.,Stock exchanges 
904 |i Minh 
980 |a Trung tâm Học liệu Trường Đại học Cần Thơ